Word Ladder: Something is Afoot Quiz Stats

Quiz Updated Oct 8, 2013

Challenge
Share
Tweet
Embed
Score 0/38 Timer 04:00
6 Plays Today
Hint 4-Letter Word % Correct
Cat's weaponCLAW
97%
☺ Feathered friend ☺BIRD
93.5%
Wine bottle stopperCORK
93.3%
☺ Folded birthday greeting ☺CARD
92.7%
Close-knit familyCLAN
91.9%
☺ Rooster ☺COCK
91.1%
☺ Pisces ☺FISH
90.9%
PlateDISH
90.6%
Fruit of 'partridge tree'PEAR
90.5%
Playwright George BernardSHAW
89.8%
☺ Procedure, scheme ☺PLAN
89.4%
☺ Spectacle, exhibition ☺SHOW
89.4%
DuoPAIR
89.3%
Tie up tightlyBIND
89.2%
Structure for mooring boatsDOCK
88.7%
Flexible lineCORD
88.3%
Smokeless tobaccoCHAW
88.2%
Waddling waterfowlDUCK
87.3%
Shakespeare of AvonBARD
85.9%
Hint 4-Letter Word % Correct
Data storage deviceDISK
85.6%
Sagan or ReinerCARL
84.7%
Comedienne RoseanneBARR
83.1%
Tonight Show host JackPAAR
81.1%
☺ A terrible thing to waste ☺MIND
80.4%
Male bovineBULL
80.1%
EventideDUSK
80%
RingletCURL
80%
☺ County ag event ☺FAIR
79.3%
Hymn of ancient GreecePEAN
78.4%
☺ Spheroid ☺BALL
76.7%
Luxurious weaselMINK
75.2%
Former Sox catcher CarltonFISK
74.6%
Strong windGALE
74.4%
M*A*S*H's Jamie (Klinger)FARR
73.8%
Weed outCULL
71.6%
Bitter bladder contentsGALL
70%
SnitchFINK
69.7%
☺☺ COMMON BOND ☺☺GAME
38.3%

Today's Daily Dose

Word Ladder
KISS Hit

On This Day
January 22nd

You're not logged in!

Compare scores with friends on all Sporcle quizzes.
Sign Up with Email
OR
Log In

You Might Also Like...

Show Comments

Extras

Top Quizzes Today


Score Distribution

Your Account Isn't Verified!

In order to create a playlist on Sporcle, you need to verify the email address you used during registration. Go to your Sporcle Settings to finish the process.